000 00307nam a22001337a 4500
008 170616b xxu||||| |||| 00| 0 eng d
020 _a9780195114348
041 _aeng
080 _a32
100 _a20
101 _aSHP
245 _aNEW DIRECTIONS FOR ORGANIZATION THEORY
_cPFEFFER, J
942 _2udc
_cBK
999 _c17741
_d17741